Caricamento...
M P Paulinte sahithya vimarsanam
| Autore principale: | |
|---|---|
| Natura: | Ph.D Thesis |
| Lingua: | Malayalam |
| Pubblicazione: |
Calicut University:
Dept. of Malayalam,
1997.
|
| LEADER | 00465nam a22001217a 4500 | ||
|---|---|---|---|
| 008 | 111204s9999 xx 000 0 mal d | ||
| 100 | |a Muraleedharan,M. | ||
| 245 | |a M P Paulinte sahithya vimarsanam |c /Muraleedharan,M. | ||
| 260 | |a Calicut University: |b Dept. of Malayalam, |c 1997. | ||
| 300 | |a . | ||
| 942 | |c TH | ||
| 999 | |c 231509 |d 231509 | ||
| 952 | |0 0 |1 0 |2 ddc |4 0 |6 TH_850_900000000000000_MUR_M |7 0 |9 256401 |a MAL |b MAL |c ST1 |d 2012-09-06 |l 0 |o TH850.9 MUR/M |p MALNB217 |r 2015-04-13 |w 2015-04-13 |y TH | ||